| 000 | 00685cam a22002175a 4500 | ||
|---|---|---|---|
| 001 | 15389842 | ||
| 005 | 20201124142651.0 | ||
| 008 | 080731s2008 miu 000 0 eng | ||
| 010 | _a 2008934307 | ||
| 020 | _a0872638588 | ||
| 040 |
_aDLC _cDLC |
||
| 082 |
_a658.5 _bCON _222 |
||
| 100 | 1 |
_aConner, Gary. _99074 |
|
| 245 | 1 | 0 |
_aLean Manufacturing for the Small Shop/ _cGary Conner with forword by Norman Bodek |
| 250 | _a2nd ed. | ||
| 260 |
_aDearborn, MI : _bSociety of Manufacturing Engineers, _c2009 |
||
| 263 | _a0810 | ||
| 300 |
_a xvii, 258 p. : _b ill. ; _c24 cm. |
||
| 942 |
_2ddc _cBB |
||
| 999 |
_c12833 _d12833 |
||